MARC details
| 000 -CABECERA |
| campo de control de longitud fija |
01023nam a2200301 u 4500 |
| 001 - NÚMERO DE CONTROL |
| campo de control |
000003276 |
| 003 - IDENTIFICADOR DEL NÚMERO DE CONTROL |
| campo de control |
DO-SdBNP |
| 005 - FECHA Y HORA DE LA ÚLTIMA TRANSACCIÓN |
| campo de control |
20220420095454.0 |
| 007 - CAMPO FIJO DE DESCRIPCIÓN FÍSICA--INFORMACIÓN GENERAL |
| campo de control de longitud fija |
ta |
| 008 - DATOS DE LONGITUD FIJA--INFORMACIÓN GENERAL |
| campo de control de longitud fija |
090707s1986 dr c r 000 0 spa d |
| 040 ## - FUENTE DE LA CATALOGACIÓN |
| Centro catalogador/agencia de origen |
DO-SdBNP |
| Lengua de catalogación |
spa |
| Centro/agencia transcriptor |
BNPHU |
| 082 #4 - NÚMERO DE LA CLASIFICACIÓN DECIMAL DEWEY |
| Número de clasificación |
341.73 |
| Número de documento/Ítem |
C818h |
| Número de edición |
22 |
| 100 1# - ENTRADA PRINCIPAL--NOMBRE DE PERSONA |
| Nombre de persona |
Cornielle Segura , Carlos, |
| Fechas asociadas al nombre |
1916- |
| 9 (RLIN) |
10315 |
| 245 10 - MENCIÓN DE TÍTULO |
| Título |
Heroes de la paz / |
| Mención de responsabilidad, etc. |
Carlos Cornielle Segura ; prólogo Joaquín Balaguer ; epílogo Manuel Ramón Ruiz Tejada. |
| 260 ## - PUBLICACIÓN, DISTRIBUCIÓN, ETC. |
| Lugar de publicación, distribución, etc. |
Santo Domingo : |
| Nombre del editor, distribuidor, etc. |
Corripio, |
| Fecha de publicación, distribución, etc. |
1986. |
| 300 ## - DESCRIPCIÓN FÍSICA |
| Extensión |
556 p. : |
| Otras características físicas |
retrs. ; |
| Dimensiones |
23 cm. |
| 500 ## - NOTA GENERAL |
| Nota general |
Incluye datos biográficos del autor. |
| 500 ## - NOTA GENERAL |
| Nota general |
Incluye índice. |
| 504 ## - NOTA DE BIBLIOGRAFÍA, ETC. |
| Nota de bibliografía, etc. |
Incluye referencias bibliográficas. |
| 590 ## - NOTA LOCAL (RLIN) |
| Nota local |
1 ejemplar autografiado por el autor |
| 590 ## - NOTA LOCAL (RLIN) |
| Nota local |
Inventariado, 2019/VM |
| 630 ## - PUNTO DE ACCESO ADICIONAL DE MATERIA--TÍTULO UNIFORME |
| Título uniforme |
Paz--Biografía |
| 9 (RLIN) |
81475 |
| 650 ## - PUNTO DE ACCESO ADICIONAL DE MATERIA--TÉRMINO DE MATERIA |
| Término de materia o nombre geográfico como elemento de entrada |
Héroes |
| Subdivisión general |
Biografía |
| -- |
Paz |
| 9 (RLIN) |
81476 |
| 650 ## - PUNTO DE ACCESO ADICIONAL DE MATERIA--TÉRMINO DE MATERIA |
| Término de materia o nombre geográfico como elemento de entrada |
Historia |
| Subdivisión general |
Fuentes. |
| Subdivisión cronológica |
Siglo XX |
| 9 (RLIN) |
81477 |
| 700 1# - PUNTO DE ACCESO ADICIONAL--NOMBRE DE PERSONA |
| Nombre de persona |
Ruiz Tejada, Manuel Ramón, |
| 9 (RLIN) |
10316 |
| Término indicativo de función/relación |
epílogo |
| 910 ## - DATOS DE OPCIÓN DEL USUARIO (OCLC) |
| Datos de opción del usuario |
Saquino |
| 942 ## - ELEMENTOS DE PUNTO DE ACCESO ADICIONAL (KOHA) |
| Fuente del sistema de clasificación o colocación |
Dewey Decimal Classification |
| Tipo de ítem Koha |
Libro |